|
|
|
|
| LEADER |
00000nam0a2200000 4500 |
| 001 |
21200 |
| 005 |
20231030192358.0 |
| 010 |
|
|
|a 5250003648
|
| 035 |
|
|
|a (RuTPU)RU\TPU\book\21398
|
| 035 |
|
|
|a BOOK00021468
|
| 090 |
|
|
|a 21200
|
| 100 |
|
|
|a 20011209d1990 km y0rusy50 ca
|
| 101 |
0 |
|
|a rus
|
| 102 |
|
|
|a RU
|
| 105 |
|
|
|a y e 001zy
|
| 200 |
1 |
|
|a Психология
|e словарь
|f под ред. А. В. Петровского, М. Г. Ярошевского; сост. Л. А. Карпенко
|
| 210 |
|
|
|a Москва
|c Политиздат
|d 1990
|
| 215 |
|
|
|a 495 с.
|
| 320 |
|
|
|a Тематический указатель статей: с. 477 - 492.
|
| 610 |
1 |
|
|a психология
|
| 610 |
1 |
|
|a словари
|
| 610 |
1 |
|
|a терминологические словари
|
| 686 |
|
|
|a Ю9я2
|v LBC/SL-A
|2 rubbk
|
| 702 |
|
1 |
|a Петровский
|b А. В.
|g Артур Владимирович
|4 340
|
| 702 |
|
1 |
|a Ярошевский
|b М. Г.
|g Михаил Григорьевич
|4 340
|
| 702 |
|
1 |
|a Карпенко
|b Л. А.
|4 220
|
| 801 |
|
0 |
|a RU
|b 63413507
|c 20011209
|g PSBO
|
| 801 |
|
2 |
|a RU
|b 63413507
|c 20111205
|g PSBO
|
| 900 |
|
|
|a Психология
|
| 942 |
|
|
|c BK
|